000 00616nam a22001937a 4500
005 20171026172033.0
010 _aENG-120924
020 _a9788123776248
_c140.00
035 _aEN-104456
037 _bDBAD/PUB
082 _a921
100 _aBasu,Aparan
245 _aSir Lallubhai Samdas :
_cby Aprana Basu
_ba porteait /
260 _aNew Delhi
_bNational Book Trust
_c2015
270 _aNehru Bhawan, 5 Institutional Area, Phase -II,
_bNew Delhi
_e110070
300 _axviii,107p.
_c22cm(pbk)
_bill.
500 _aIncludes bibliographical references and index
942 _2ddc
_cEN
_mLAL
_h921
999 _c146889
_d146889